guess the laufey song no hints #9 - Statistics

General Stats
  • This quiz has been taken 104 times
  • The average score is 96 of 190
Answer Stats
Answer % Correct
I
96%
a
88%
you
82%
the
80%
The
80%
And
74%
and
74%
do
73%
me
72%
to
68%
Your
66%
be
65%
it
65%
can
64%
in
64%
that
64%
what
61%
is
59%
I've
59%
so
59%
on
58%
For
57%
you're
57%
but
55%
But
55%
know
55%
my
55%
let
53%
I'm
51%
it's
50%
It's
50%
no
49%
of
49%
been
47%
fragile
47%
Will
47%
am
46%
as
46%
I'll
46%
like
46%
all
45%
time
45%
come
43%
never
43%
closer
42%
leave
42%
morning
41%
oh
41%
away
39%
did
39%
music
39%
room
39%
skin
39%
spinning
39%
candle
38%
soft
38%
up
38%
older
36%
slow
36%
glass
35%
glow
35%
hammer
35%
forget
34%
Grew
34%
into
34%
night
34%
with
34%
year
34%
case
32%
days
32%
Now
32%
shatter
32%
shouldn't
32%
Since
32%
falling
31%
forty
31%
lost
31%
though
31%
picked
30%
remember
30%
sensibility
30%
shatters
30%
still
30%
sun
30%
surely
30%
swept
30%
kept
28%
run
28%
talking
28%
crash
27%
just
27%
shaking
27%
wanted
27%
around
26%
midnight
26%
own
26%
someone
26%
alone
24%
bone
24%
hold
24%
Nerve
23%
New
23%
Round
23%
wait
22%
missing
20%
sit
20%
dust
19%
rust
19%
Turn
19%
town
16%
rain
9%
No matching quizzes found
Score Distribution
Percent of People with Each Score
Percentile by Number Answered
Your Score History
You have not taken this quiz